Ethnographia Magyarországi Néprajzi Társaság hivatalos értesítője

Bibliographic Details
New Title:Népélet
Ethnographia-népélet
Format: Journal
Language:Hungarian
Published: Budapest Magyarországi Néprajzi Társaság 1890-1923
ISSN:0200-0210
0200-0164

MARC

LEADER 00000cas a22000004a 4500
001 vtls001408317
003 SK-MaSNL
005 20260221113535.0
008 180810d18901923hu r p 0 0b0hun c
035 |a SNK000362985 
040 |a SNK  |b slo  |c SNK  |e AACR2 
041 0 |a hun 
044 |a hu  |c HU 
245 0 0 |a Ethnographia  |b Magyarországi Néprajzi Társaság hivatalos értesítője 
260 |a Budapest  |b Magyarországi Néprajzi Társaság  |c 1890-1923 
310 |a Nepravidelne 
362 0 |a Évf. 1, sz. 1 (1. jan. 1890)-ú.f., 18. = évf. 33, 1/6. füz. (1923) 
785 0 0 |t Népélet  |x 0200-0210 
785 0 0 |t Ethnographia-népélet  |x 0200-0164 
910 |a snk 
958 |a ONDV 
999 |c 2463  |d 4393 
952 |0 0  |1 1  |4 0  |7 0  |a SNK  |b SNK  |d 1997-11-25  |l 0  |o snkČB 21/25(10)/1914  |p 17A0107678  |r 2005-01-02 00:00:00  |w 2026-02-21  |y PREZ 
952 |0 0  |1 1  |4 0  |7 0  |a SNK  |b SNK  |d 2001-01-26  |l 0  |o snkČB 21/19/1908  |p 17A0267006  |r 2005-01-02 00:00:00  |w 2026-02-21  |y PREZ 
952 |0 0  |1 1  |4 0  |7 0  |a SNK  |b SNK  |d 2003-05-09  |i snk67/32  |l 0  |o snkČB 21/17/1906  |p 17A0383167  |r 2005-01-02 00:00:00  |w 2026-02-21  |y PREZ 
952 |0 0  |1 1  |4 0  |7 0  |a SNK  |b SNK  |d 2001-01-26  |l 0  |o snkČB 21/22/1911  |p 17A0265022  |r 2005-01-02 00:00:00  |w 2026-02-21  |y PREZ 
952 |0 0  |1 1  |4 0  |7 0  |a SNK  |b SNK  |d 2001-02-26  |l 0  |o snkČB 21/10/1899  |p 17A0268195  |r 2005-01-02 00:00:00  |w 2026-02-21  |y PREZ